000 01085nam a22003137a 4500
001 9822
003 FISKH
005 20260227150919.0
008 260227b cb ||||| |||| 00| 0 eng d
020 _a9780439862035
040 _aFISKH
_beng
_cFISKH
_dFISKH
050 _aPZ7 .C8615 .R
082 _a813.54
100 _aGreech , Sharon
245 _aReplay :
_ba new book /
_cby Sharon Greech
250 _aThis edition first printing , January 2007
260 _aNew York :
_bScholastic ,
_c2005 .
300 _a180 , 31 pages :
_billustrations ;
_c19 cm .
505 _aR
520 _aWhile preparing for a role in the school play, twelve-year-old Leo finds an autobiography that his father wrote as a teenager and ponders the ways people change as they grow up. Includes the text for the play, "Rumpopo's Porch."
521 8 _a780
_bLexile
521 8 _aR
_bRaz-Plus
650 _aSharon Creech
_vFiction
650 _aDrama
_vFiction
650 _aPlays
_vFiction
700 _aMikles , Alicia
_eTypographer
942 _2ddc
_cBK
_n0
999 _c9822
_d9822